Initiales de AA à AZ - Statistiques

Statistiques générales
  • Ce quiz a été pris 141 fois
  • Le résultat moyen est 13 sur 26
Statistiques - réponses
Initiales Définition Réponse % Correct
AE On lui doit l'équation E= mc² Albert Einstein
98%
AH Le chef de l'état nazi Adolf Hitler
95%
AN Pour elle, y'a pas moyen Djadja Aya Nakamura
92%
AG Footballeur champion du monde 2018 Antoine Griezmann
85%
AK Top-model slovaque divorcé avec un champion du monde 98 Adriana Karembeu
79%
AW Chanteuse de Back to Black décédée d'une overdose Amy Winehouse
79%
AL Ainé d'une fratrie de pongiste français Alexis Lebrun
77%
AA Créateur et interprète principal de Kaamelott Alexandre Astier
76%
AR Sensualité ou Manhattan Kaboul Axelle Red
76%
AF Actrice principale de la série HPI Audrey Fleurot
74%
AC Tata Yoyo Annie Cordy
70%
AD Connu dans les livres d'histoire pour une affaire en 1894 Albert Dreyfus
69%
AS Il chante Allo Maman Bobo Alain Souchon
64%
AB Ancien nageur français double champion olympique Alain Bernard
63%
AM un anglais et une française retraité du tennis mondial Amélie Mauresmo / Andy Murray
60%
AZ Joueur de tennis allemand surnom Sascha Alexander Zverev
46%
AP Skieur français qui à remporté 6 globes de cristal Alexis Pinturault
41%
AJ Président des États-Unis de 1829 à 1837 Andrew Jackson
18%
AQ Pilote moto français dont le nom sonne comme un métier en K Adrien Quinet
10%
AT Acteur jouant Skills Taylor dans les frères Scott Antwon Tanner
5%
AO Champion du monde Moto2 2024 Ai Ogura
4%
AI Pilote moto ayant purgé 4 ans de suspension pour dopage Andrea Iannone
4%
AV Timothy Dalton joue son rôle dans la série Chuck Alexei Volkoff
1%
AY Peintre connu pour ces tableaux de batailles Adolphe Yvon
0%
AU Écrivain colombien ayant écrit 3 romans Antonio Ungar
0%
AX Hockeyeur pour les Canadiens de Montréal Arber Xhekaj
0%
Aucun quiz correspondant
Distribution des résultats
% des personnes avec chaque résultat
Percentile par nombre de réponses
Votre historique - résultats
Vous n’avez pas pris ce quiz